000 00758cab a2200217 4500
001 ABS57038
008 090401t1997 xxu||||| |||| 00| 0 eng d
035 _a(Sirsi) u78726
041 _aeng
100 _aRice, P.
245 _aDoctors` surgeries - the business implications affecting valuation
260 _c1997
350 _a0
490 _aJournal of Property Valuation and Investment
_v15(2) 1997, 183-192(10)
520 _aPresents a valuation approach as a guide to valuing surgeries, taking into account such factors as the physical aspects of the surgery and the financial viability of the practice.
650 _aDOCTORS' SURGERIES
650 _aValuation
_96273
690 _aRATING AND VALUATION
942 _n0
948 _c04/06/1997
999 _c49490
_d49490